| 000 | 00553nam a2200181 4500 | ||
|---|---|---|---|
| 001 | 127553 | ||
| 003 | ES-MaACL | ||
| 005 | 20230906193032.0 | ||
| 007 | t| | ||
| 008 | 070214s1973 sp r ||||1| spa d | ||
| 100 | 1 |
_aRitota, Michael C. _997480 |
|
| 245 | 1 | 0 |
_aDiagnóstico electrocardiográfico / _cMichael C. Ritota ; versión... Joaquín Ramos Santos. |
| 250 | _a1ª ed. | ||
| 260 |
_aBarcelona : _bJIMS, _c1973. |
||
| 300 |
_aXIII, 173 p. : _bil. ; _c22 cm. |
||
| 700 | 1 |
_aRamos Santos, Joaquín. _995358 |
|
| 852 |
_aES-MaACL _jC-53858 _bR.86730 |
||
| 999 |
_c127553 _d127553 |
||